Más perros, menos psiquiatría / (Record no. 197648)
[ view plain ]
| 000 -LEADER | |
|---|---|
| campo de control de longitud fija | 01234nam a2200325 i 4500 |
| 001 - NÚMERO DE CONTROL | |
| campo de control | 197648 |
| 003 - IDENTIFICADOR DE NÚMERO DE CONTROL | |
| campo de control | ES-MaACL |
| 005 - FECHA Y HORA DE LA ÚLTIMA TRANSACCIÓN | |
| campo de control | 20250824063103.0 |
| 008 - DATOS DE LONGITUD FIJA--INFORMACIÓN GENERAL | |
| campo de control de longitud fija | 250523s2020 sp a | |||| 000 0 spa |
| 015 ## - NÚMERO DE BIBLIOGRAFÍA NACIONAL | |
| Número de bibliografía nacional | MON20 |
| 017 ## - NÚMERO DE COPYRIGHT O DE DEPÓSITO LEGAL | |
| Número de copyright o de depósito legal | AL 1121-2020 |
| Agencia que asigna | Oficina Depósito Legal Almería |
| 020 ## - NÚMERO INTERNACIONAL ESTÁNDAR DEL LIBRO | |
| Número Internacional Estándar del Libro | 9788418398247 |
| 035 ## - NÚMERO DE CONTROL DEL SISTEMA | |
| Número de control de sistema | (SpMaBN)a6732737 |
| 040 ## - FUENTE DE CATALOGACIÓN | |
| Centro catalogador/agencia de origen | SpMaBN |
| Lengua de catalogación | spa |
| Centro/agencia transcriptor | SpMaBN |
| Normas de descripción | rda |
| 080 ## - NÚMERO DE LA CLASIFICACIÓN DECIMAL UNIVERSAL | |
| Número de la Clasificación Decimal Universal | 615.85:636.7 |
| 100 1# - ENTRADA PRINCIPAL--NOMBRE DE PERSONA | |
| Nombre de persona | Fernández Delgado, Darío |
| 9 (RLIN) | 241034 |
| Término indicativo de función/relación | Autor |
| 245 10 - MENCIÓN DEL TÍTULO | |
| Título | Más perros, menos psiquiatría / |
| Mención de responsabilidad, etc. | Darío Fernández Delgado. |
| 250 ## - MENCION DE EDICION | |
| Mención de edición | Primera edición: 2020 |
| 264 #1 - PRODUCCIÓN, PUBLICACIÓN, DISTRIBUCIÓN, FABRICACIÓN Y COPYRIGHT | |
| Producción, publicación, distribución, fabricación y copyright | [El Ejido] : |
| Nombre del de productor, editor, distribuidor, fabricante | Letrame Grupo Editorial, |
| Fecha de producción, publicación, distribución, fabricación o copyright | [2020]. |
| 300 ## - DESCRIPCIÓN FÍSICA | |
| Extensión | 208 páginas : |
| Otras características físicas | ilustraciones (color), gráficos (color) ; |
| Dimensiones | 22 cm. |
| 336 ## - TIPO DE CONTENIDO | |
| Término de tipo de contenido | Texto |
| -- | Imagen fija |
| Fuente | rdacontent |
| 337 ## - TIPO DE MEDIO | |
| Nombre/término del tipo de medio | sin mediación |
| Fuente | rdamedia |
| 338 ## - TIPO DE SOPORTE | |
| Nombre/término del tipo de soporte | volumen |
| Fuente | rdacarrier |
| 650 #0 - PUNTO DE ACCESO ADICIONAL DE MATERIA--TÉRMINO DE MATERIA | |
| Término de materia o nombre geográfico como elemento de entrada | Perros- |
| Subdivisión general | Uso terapéutico |
| Fuente del encabezamiento o término | embne |
| 9 (RLIN) | 241035 |
| 852 ## - LOCALIZACIÓN | |
| Ubicación | ES-MaACL |
| Ubicación en estantería | Depósito J |
| Número de control de estantería | N-10540 |
| Encuadernación | Encuadernación rústica con solapas |
| itemnumber | 206663 |
| Donativo/Legado | Donación: Editorial |
| 942 ## - ELEMENTOS DE ENTRADA SECUNDARIOS (KOHA) | |
| Tipo de ítem Koha | Libro impreso |
| Suprimir en OPAC | No |
| Estatus retirado | Estado de pérdida | Fuente del sistema de clasificación o colocación | Estado de daño | No para préstamo | Biblioteca de origen | Biblioteca actual | Ubicación en estantería | Fecha de adquisición | Fuente de adquisición | Total de préstamos | Signatura topográfica completa | Código de barras | Visto por última vez | Precio de reemplazo | Tipo de ítem Koha |
|---|---|---|---|---|---|---|---|---|---|---|---|---|---|---|---|
| Clasificación decimal universal | Biblioteca del Ateneo de Madrid | Biblioteca del Ateneo de Madrid | Depósito J | 22/08/2025 | Donación | N-10540 | 2025-1039 | 22/08/2025 | 22/08/2025 | Libro impreso |
